000 00243nam a2200097Ia 4500
001 711443
005 20250826162808.0
008 250824s9999 xx 000 0 und d
245 0 _aFÜREYA
_cYazar Adı Belirtilmemiş
260 _bEVEREST YAYINLARI
999 _c711443
_d711443